Musical Acts by State - Colorado - Statistics

General Stats
  • This quiz has been taken 95 times
  • The average score is 3 of 30
Answer Stats
City/Town Songs Answer % Correct
Colorado Springs Counting Stars | Apologize OneRepublic
72%
Denver How To Save A Life | You Found Me The Fray
72%
Denver Easy Lover | Walking on the Chinese Wall Philip Bailey
26%
Boulder Starstrukk | Don't Trust Me 3OH!3
24%
Denver Green-Eyed Lady | Don't Call Us, We'll Call You Sugarloaf
17%
Alamosa Bluer Than Blue | I'll Always Love You Michael Johnson
13%
Indian Hills Just When I Needed You Most | Call Me Randy VanWarmer
13%
Littleton On My Own | Cruisin' For A Bruisin' Ross Lynch
13%
Denver Handlebars | Rise Flobots
12%
Crested Butte Sirens | Rosie The String Cheese Incident
5%
Denver Black Soul Choir | Haw 16 Horsepower
3%
Boulder Bittersweet | Boom Boom Big Head Todd and the Monsters
3%
Denver Blackout | Echo Breathe Carolina
3%
Two Buttes Tuxedo | More Clare Dunn
3%
Denver Video | The Truth India.Arie
3%
Colorado Springs July Flame | Sun Song Laura Veirs
3%
Denver Whispering | The Japanese Sandman Paul Whiteman
3%
Pueblo Synthesize Me | Major Tom The Space Lady
3%
Aurora How To Lose A Girl | Some Kind Of Beautiful Tyler Ward
3%
Nederland Half Moon Rising | 40 Miles From Denver Yonder Mountain String Band
3%
Boulder The Little Things | All Of Me Big Gigantic
1%
Denver Change | The War Within Churchill
1%
Denver How It Ends | The Winner Is DeVotchKa
1%
Denver From The Cradle To The Grave | Prepare For Attack Havok
1%
Mancos That's All I Want from You | Here Is Where Your Love Belongs Jaye P. Morgan
1%
Lamar Tumbling Tumbleweeds | Noah's Dove Ken Curtis
1%
Boulder Lovin' In My Baby's Eyes | Southern Belle Leftover Salmon
1%
Colorado Springs Hello, Ma Baby | Cripple Creek Suite Max Morath
1%
Fort Collins Finally Moving | One Day They'll Know Pretty Lights
1%
Denver Origins | In The Morning I'll Be Better Tennis
1%
No matching quizzes found
Score Distribution
Percent of People with Each Score
Percentile by Number Answered
Your Score History
You have not taken this quiz